Statistics for NBA Longest Winning & Losing Streak

Click here to take the quiz!

General Stats

  • This quiz has been taken 31 times
  • The average score is 18 of 20

Answer Stats

WS Team % Correct
19 | 33Los Angeles Lakers
100%
Dallas Mavericks
97%
18Chicago Bulls
97%
27Miami Heat
97%
22Houston Rockets
97%
19San Antonio Spurs
97%
Denver Nuggets
93%
Cleveland Cavaliers
93%
19Atlanta Hawks
93%
18 | 19Boston Celtics
93%
20Milwaukee Bucks
93%
Orlando Magic
90%
18New York Knicks
90%
Philadelphia 76ers
90%
Los Angeles Clippers
83%
San Diego Clippers
83%
Vancouver Grizzlies
79%
Charlotte Bobcats
59%

Score Distribution

Percentile by Number Answered

Percent of People with Each Score

Your Score History

You have not taken this quiz